000 00737nam a2200229Ia 4500
003 OSt
005 20220926031422.0
006 a|||||r|||| 00| 0
007 ta
008 220923b |||||||| |||| 00| 0 eng d
037 _cGeneral Book
040 _aRTL
_cRTL
_beng
041 _2eng
_aeng
082 _aX:546p.2.N52, J2
110 _aINDIA, COMMERCE AND INDUSTRY (Ministry of--)
_9122823
245 0 _aProceeding of the eight meeting of the import advisory council held at Calcutta on the 30th April ,1952
260 _as.l
_bs.n.
_c1952
300 _a84p
_ccm.
700 _aINDIA, COMMERCE AND INDUSTRY (Ministry of--)
_9122824
942 _hX:546p.2.N52, J2
_cGB
_2CC
999 _c652257
_d652257